000 00616nam a2200193Ia 4500
005 20260114185608.0
008 008 260114s9999 xx 000 0 eng d
020 _a9781474276535
037 _aEBOOK
040 _aCRL
_beng
_cCRL
041 _aeng
_2eng
084 _qCRL
100 _aMartin Conway, Pieter Lagrou and Henry Rousso
_9872008
245 0 _aEurope's Postwar Periods - 1989, 1945, 1918 Writing History Backwards
260 _bBloomsbury
_c2018
856 _uhttps://doi.org/10.5040/9781474276535?locatt=label:secondary_bloomsburyCollections
942 _cEBOOK
999 _c1470956
_d1470956